Statistics for Countries 2 Borders Away: Kazakhstan

Click here to take the quiz!

General Stats

  • This quiz has been taken 18 times
  • The average score is 20 of 22

Answer Stats

Country% Correct
Estonia
100%
Finland
100%
Latvia
100%
Lithuania
100%
Poland
100%
Ukraine
100%
Afghanistan
94%
Azerbaijan
94%
Georgia
94%
Mongolia
94%
North Korea
94%
Belarus
89%
India
89%
Iran
89%
Nepal
89%
Norway
89%
Pakistan
89%
Bhutan
83%
Laos
83%
Myanmar
83%
Vietnam
83%
Tajikistan
78%

Score Distribution

Percentile by Number Answered

Percent of People with Each Score

Your Score History

You have not taken this quiz